Autores y obras barrocas Género dramático - Estadísticas

Estadísticas generales
  • Esta prueba ha sido intentada 19 veces
  • La puntuación promedio es 11 de 31
Estadísticas de respuestas
Hint Respuesta % Correcto
Autor Lope de Vega
91%
Obra Fuenteovejuna
82%
Autor Pedro Calderón de la Barca
82%
Autor Tirso De Molina
82%
Obra La vida es sueño
73%
Obra El Alcalde de Zalamea
55%
Obra El burlador de Sevilla
55%
Obra El Perro del Hortelano
55%
Obra La dama boba
55%
Obra Don Gil de las calzas verdes
36%
Obra La dama duende
36%
Obra Peribañez y el Comendador de Ocaña
36%
Autor Agustín de Moreto
27%
Obra El mejor alcalde, el rey
27%
Autor Juan Ruiz de Alarcón
27%
Obra La hija del aire
27%
Obra Del rey abajo, ninguno
18%
Obra El condenado por desconfiado
18%
Obra El desdén con el desdén
18%
Autor Francisco de Rojas Zorrilla
18%
Autor Guillén De Castro
18%
Obra La discreta enamorada
18%
Obra Las mocedades del Cid
18%
Obra La verdad sospechosa
18%
Obra Caballero de Olmedo
9%
Obra Casa con dos puertas, mala es de guardar
9%
Obra El lindo don Diego
9%
Obra El vergonzoso en palacio
9%
Obra La estrella de Sevilla
9%
Autor Luis Vélez de Guevara
9%
Obra reinar después de morir
9%
No se encontraron pruebas coincidentes
Distribución de puntuación
Porcentaje de gente con cada puntuación
Porcentaje por número respondido
Historial de tus puntuaciones
No has intentado esta prueba.